000
00207 a2200097 4500
001
32725
100
_a
Richardson
245
_a
One Man War
260
_a
Sydney
_b
Angus & Robertson
_c
090
_c
21924
_d
21924
942
_a
NUST-CAE
_c
M
_c
13252
999
_c
267798
_d
267798